000 00520nam a22001817a 4500
005 20171101122511.0
010 _aENG-120985
020 _c180.00
_a9789386191267
035 _aEN-104517
037 _bDBAD/PUB
082 _aN
100 _aVaidya, Ketan
245 _aHope express :
_cKetan Vaidya
_btomorrow is a new day /
260 _aNew Delhi
_bLifi Publication
_c2017
270 _a211,2nd Floor, Gagandeep 12, Rajendra place
_bNew Delhi
_e110008
300 _a129p.
_c19.5cm(pbk)
942 _2ddc
_cEN
_hN
_mVAI
999 _c146537
_d146537